[Event "Druzynowe Mistrzostwa Polski - II Liga 2023"]
[Site "Jastrzebia Gora"]
[Date "1899-12-30"]
[Round "2.36"]
[White "Szymura, Oliwia"]
[Black "Posuniak, Weronika"]
[Result "0-1"]
[WhiteTitle "II+"]
[BlackTitle "k+"]
[WhiteElo "1176"]
[BlackElo "1907"]

1. e4 d5 2. exd5 Nf6 3. Nc3 Nxd5 4. Nxd5 Qxd5 5. c4 Qa5 6. Nf3 Nc6 7. Be2 e5 8.
O-O e4 9. Ne1 Bd6 10. d4 Qf5 11. c5 Be7 12. f3 Nxd4 13. fxe4 Nxe2+ 14. Qxe2 Qxc5+
15. Be3 Qb4 16. Qf3 O-O 17. Nd3 Qb5 18. Rad1 Be6 19. b3 Rad8 20. Nf4 Qe5 21. Nxe6
Qxe6 22. Bf4 c6 23. Qe3 b6 24. Kh1 0-1

[Event "Druzynowe Mistrzostwa Polski - II Liga 2023"]
[Site "Jastrzebia Gora"]
[Date "1899-12-30"]
[Round "2.37"]
[White "Kumala, Aleksander"]
[Black "Malisauskas, Vidmantas"]
[Result "1-0"]
[WhiteTitle "CM"]
[BlackTitle "GM"]
[WhiteElo "2165"]
[BlackElo "2344"]

1. d4 g6 2. e4 Bg7 3. Nc3 c6 4. Be3 d5 5. Nf3 dxe4 6. Nxe4 Nd7 7. Bc4 Ngf6 8. Nxf6+
Nxf6 9. O-O Nd5 10. Bg5 f6 11. Bd2 Be6 12. Bb3 O-O 13. c4 Nc7 14. Re1 Bf7 15.
Bc3 Re8 16. Qe2 a5 17. a4 b5 18. axb5 Nxb5 19. cxb5 Bxb3 20. bxc6 Qb6 21. Qd2
Qxc6 22. Rxa5 Rxa5 23. Bxa5 Bd5 24. Qc3 Qa8 25. Bb4 e6 26. Bc5 g5 27. b4 g4 1-0

[Event "Druzynowe Mistrzostwa Polski - II Liga 2023"]
[Site "Jastrzebia Gora"]
[Date "1899-12-30"]
[Round "2.38"]
[White "Grajczak, Adrian"]
[Black "Cichocki, Adam"]
[Result "0-1"]
[WhiteTitle "I++"]
[BlackTitle "FM"]
[WhiteElo "1858"]
[BlackElo "2286"]

1. e4 e6 2. d3 d5 3. Nd2 c5 4. Ngf3 Nc6 5. g3 g6 6. Bg2 Bg7 7. O-O Nge7 8. c3 O-O
9. Re1 b5 10. exd5 exd5 11. Nb3 b4 12. Nxc5 bxc3 13. d4 cxb2 14. Bxb2 Rb8 15.
Bc3 Nf5 16. Qa4 Qb6 17. Rad1 0-1

[Event "Druzynowe Mistrzostwa Polski - II Liga 2023"]
[Site "Jastrzebia Gora"]
[Date "1899-12-30"]
[Round "2.39"]
[White "Kindler, Przemyslaw"]
[Black "Brylowski, Marian"]
[Result "1-0"]
[WhiteTitle "k"]
[BlackTitle "I++"]
[WhiteElo "1984"]
[BlackElo "1927"]

1. e4 e5 2. Nf3 Nc6 3. Bc4 Bc5 4. c3 d6 5. O-O Nf6 6. d3 h6 7. a4 a6 8. b4 Bb6
9. Be3 Bxe3 10. fxe3 O-O 11. Qe1 d5 12. exd5 Nxd5 13. Nbd2 Nxc3 14. b5 Na5 15.
bxa6 Nc6 16. e4 Qd6 17. Kh1 bxa6 18. Rc1 Nxa4 19. Bd5 Bd7 20. Nc4 Qe7 21. Ne3
Nb4 22. Bxa8 Rxa8 23. Rxc7 Nxd3 24. Qg3 Qd6 25. Nd5 Be6 26. Nd4 Nf4 27. Nxe6 Qxe6
28. Rc6 1-0

[Event "Druzynowe Mistrzostwa Polski - II Liga 2023"]
[Site "Jastrzebia Gora"]
[Date "1899-12-30"]
[Round "2.40"]
[White "Brylowski, Stefan"]
[Black "Gumula, Daniel"]
[Result "1/2-1/2"]
[WhiteTitle "I++"]
[BlackTitle "FM"]
[WhiteElo "1942"]
[BlackElo "2146"]

1. d4 Nf6 2. Nf3 b5 3. e3 a6 4. Bd3 Bb7 5. Nbd2 e6 6. b3 c5 7. a4 b4 8. Bb2 cxd4
9. exd4 Nd5 10. g3 Be7 11. O-O O-O 12. a5 d6 13. Nc4 Nd7 14. Nfd2 Qc7 15. Be4
Rab8 16. f4 1/2-1/2

[Event "Druzynowe Mistrzostwa Polski - II Liga 2023"]
[Site "Jastrzebia Gora"]
[Date "1899-12-30"]
[Round "2.41"]
[White "Hiszczynski, Jakub"]
[Black "Sobolewski, Piotr"]
[Result "1-0"]
[WhiteTitle "I++"]
[BlackTitle "k"]
[WhiteElo "1858"]
[BlackElo "1939"]

1. e4 e6 2. d4 d5 3. Nd2 Nf6 4. e5 Nfd7 5. Bd3 c5 6. c3 b6 7. Ne2 Ba6 8. Bxa6 Nxa6
9. O-O Nc7 10. Nf4 g6 11. Qg4 Qe7 12. Nf3 O-O-O 13. Nd3 h6 14. dxc5 Nxc5 15. Nxc5
bxc5 16. Qa4 Kb7 17. b4 Qd7 18. Qc2 Ka8 19. Be3 Qc6 20. Qd2 g5 21. bxc5 Bxc5 22.
Nd4 Bxd4 23. Bxd4 Nb5 24. f4 g4 25. f5 1-0

[Event "Druzynowe Mistrzostwa Polski - II Liga 2023"]
[Site "Jastrzebia Gora"]
[Date "1899-12-30"]
[Round "2.42"]
[White "Baginskaite, Kamile"]
[Black "Kindler, Karolina"]
[Result "1-0"]
[WhiteTitle "WGM"]
[BlackTitle "I++"]
[WhiteElo "2097"]
[BlackElo "1808"]

1. d4 Nf6 2. c4 e6 3. Nf3 b6 4. g3 Bb7 5. Bg2 Be7 6. O-O O-O 7. Nc3 d5 8. cxd5
exd5 9. Bf4 Nh5 10. Bd2 Nd7 11. Qb3 Ndf6 12. Ne5 Ne4 13. Nxe4 dxe4 14. Bb4 Bxb4
15. Qxb4 Qd6 16. Qxd6 cxd6 17. Nc4 Rfd8 18. Rfc1 Rac8 19. Bh3 1-0

[Event "Druzynowe Mistrzostwa Polski - II Liga 2023"]
[Site "Jastrzebia Gora"]
[Date "1899-12-30"]
[Round "2.43"]
[White "Markiewicz, Jerzy"]
[Black "Rajlich, Vasik"]
[Result "0-1"]
[WhiteTitle "FM"]
[BlackTitle "IM"]
[WhiteElo "2159"]
[BlackElo "2303"]

1. e4 c5 2. Nf3 g6 3. c4 Nc6 4. d4 cxd4 5. Nxd4 Bg7 6. Be3 Nf6 7. Nc3 O-O 8. Be2
d6 9. O-O Bd7 10. Qd2 Nxd4 11. Bxd4 Bc6 12. f3 a5 13. b3 Nd7 14. Be3 Nc5 15. Rab1
e6 16. Rfd1 Be5 17. Bf1 Qh4 18. h3 Qg3 19. Ne2 Qh2+ 20. Kf2 f5 0-1

[Event "Druzynowe Mistrzostwa Polski - II Liga 2023"]
[Site "Jastrzebia Gora"]
[Date "1899-12-30"]
[Round "2.44"]
[White "Jarzebowski, Kacper"]
[Black "Zaskalski, Arkadiusz"]
[Result "1/2-1/2"]
[WhiteTitle "k+"]
[BlackTitle "k"]
[WhiteElo "2145"]
[BlackElo "2085"]

1. d4 Nf6 2. c4 e6 3. Nf3 d5 4. g3 Be7 5. Bg2 dxc4 6. O-O O-O 7. Qc2 c5 8. dxc5
Bxc5 9. Qxc4 Nbd7 10. Rd1 a6 11. Nc3 b5 12. Qh4 Bb7 13. Ng5 Bxg2 14. Kxg2 h6 15.
Nge4 Nxe4 16. Nxe4 Be7 17. Qh5 Qc8 18. Bf4 Nf6 19. Qf3 Nd5 20. Be5 f6 21. Bd4
f5 1/2-1/2

[Event "Druzynowe Mistrzostwa Polski - II Liga 2023"]
[Site "Jastrzebia Gora"]
[Date "1899-12-30"]
[Round "2.45"]
[White "Augustyn, Sebastian"]
[Black "Maciaszek, Karol"]
[Result "1/2-1/2"]
[WhiteTitle "k"]
[BlackTitle "I"]
[WhiteElo "2046"]
[BlackElo "1889"]

1. e4 c5 2. Nf3 e6 3. Nc3 Nc6 4. Bb5 Nge7 5. O-O a6 6. Bxc6 Nxc6 7. d4 cxd4 8.
Nxd4 Be7 9. Nxc6 dxc6 10. Qg4 Bf6 11. Qg3 O-O 12. e5 Bh4 13. Qh3 Be7 14. Qg3 Kh8
15. Ne4 c5 16. Bg5 Bxg5 17. Nxg5 h6 18. Ne4 Qc7 19. Rad1 b5 20. Rd6 Bb7 21. Qe3
Rac8 22. Rfd1 c4 23. f3 Bxe4 24. Qxe4 a5 25. Rd7 Rfd8 1/2-1/2

[Event "Druzynowe Mistrzostwa Polski - II Liga 2023"]
[Site "Jastrzebia Gora"]
[Date "1899-12-30"]
[Round "2.46"]
[White "Kicinski, Jacek"]
[Black "Draganik, Grzegorz"]
[Result "1-0"]
[WhiteTitle "I+"]
[BlackTitle "I"]
[WhiteElo "1929"]
[BlackElo "1858"]

1. d4 Nf6 2. Nf3 e6 3. Bg5 h6 4. Bxf6 Qxf6 5. e4 d6 6. Bd3 g6 7. Nbd2 Bg7 8. e5
Qe7 9. O-O O-O 10. Qe2 Nd7 11. c3 dxe5 12. Nxe5 Nxe5 13. dxe5 Rd8 14. Rad1 Bxe5
15. Qxe5 Rxd3 16. Ne4 Rxd1 17. Nf6+ Kf8 18. Rxd1 a5 1-0

[Event "Druzynowe Mistrzostwa Polski - II Liga 2023"]
[Site "Jastrzebia Gora"]
[Date "1899-12-30"]
[Round "2.47"]
[White "Mirowska, Oliwia"]
[Black "Rajlich, Vaclav"]
[Result "1-0"]
[WhiteTitle "k"]
[BlackTitle "I"]
[WhiteElo "1976"]
[BlackElo "1596"]

1. e4 c5 2. Nf3 g6 3. d4 cxd4 4. Nxd4 Nc6 5. c4 Bg7 6. Be3 Nf6 7. Nc3 O-O 8. Be2
d6 9. O-O Bd7 10. Qd2 Nxd4 11. Bxd4 Bc6 12. f3 a5 13. Rfc1 a4 14. b4 axb3 15.
axb3 Rxa1 16. Rxa1 Nd7 17. b4 Bxd4+ 18. Qxd4 Qb6 19. Qxb6 Nxb6 20. b5 Bd7 21.
Ra7 Rb8 22. Kf2 Be6 23. Nd5 Bxd5 24. cxd5 Kg7 25. Ke3 Kf6 26. f4 g5 27. g3 gxf4+
28. gxf4 e6 29. dxe6 fxe6 30. Kd4 d5 1-0

[Event "Druzynowe Mistrzostwa Polski - II Liga 2023"]
[Site "Jastrzebia Gora"]
[Date "1899-12-30"]
[Round "2.48"]
[White "Kicinska, Magdalena"]
[Black "Jalowiec, Halina"]
[Result "1-0"]
[WhiteTitle "I++"]
[BlackTitle "WFM"]
[WhiteElo "1499"]
[BlackElo "1773"]

1. d4 d5 2. Nf3 Nf6 3. Bg5 e6 4. e3 Be7 5. Bd3 Nbd7 6. Nbd2 c5 7. c3 h6 8. Bh4
a6 9. a4 b6 10. O-O Bb7 11. Ne5 Nxe5 12. dxe5 Ne4 13. Bxe7 Qxe7 14. Bxe4 dxe4
15. Qg4 Qg5 16. Qxg5 hxg5 17. Nc4 Ke7 18. Nxb6 Rad8 19. Rfd1 g4 20. b4 cxb4 21.
cxb4 Rh5 22. Rac1 Ke8 1-0

[Event "Druzynowe Mistrzostwa Polski - II Liga 2023"]
[Site "Jastrzebia Gora"]
[Date "1899-12-30"]
[Round "2.49"]
[White "Suder, Jakub"]
[Black "Maciejczak, Jakub"]
[Result "1/2-1/2"]
[WhiteTitle "FM"]
[BlackTitle "FM"]
[WhiteElo "2304"]
[BlackElo "2360"]

1. d4 d5 2. c4 e6 3. Nc3 Nf6 4. cxd5 exd5 5. Bg5 c6 6. e3 Be7 7. Bd3 O-O 8. Qc2
Nbd7 9. Nge2 Re8 10. O-O Nf8 11. f3 Be6 12. Rad1 Rc8 13. Nf4 Bd7 14. Bh4 h6 15.
Bf2 Bd6 16. Nfe2 Ne6 17. Kh1 Ng5 18. Bg1 Qe7 19. Qd2 Rcd8 20. Bb1 b6 21. Qe1 Bc8
22. Bd3 Bb8 23. Qh4 a6 24. Rc1 c5 1/2-1/2

[Event "Druzynowe Mistrzostwa Polski - II Liga 2023"]
[Site "Jastrzebia Gora"]
[Date "1899-12-30"]
[Round "2.50"]
[White "Malovanyi, Yulian"]
[Black "Dziewonski, Dariusz"]
[Result "1-0"]
[WhiteTitle "FM"]
[BlackTitle "k"]
[WhiteElo "2325"]
[BlackElo "2204"]

1. e4 e5 2. Bc4 Nf6 3. d3 c6 4. Nf3 d5 5. Bb3 Bd6 6. exd5 cxd5 7. O-O Be6 8. Re1
Nbd7 9. Bg5 Qc7 10. Nc3 a6 11. Bh4 O-O 12. Bg3 Rfe8 13. Ng5 Nc5 14. Nxe6 fxe6
15. Qe2 e4 16. Bxd6 Qxd6 17. dxe4 Nfxe4 18. Nxe4 Nxe4 19. c4 Nf6 1-0

[Event "Druzynowe Mistrzostwa Polski - II Liga 2023"]
[Site "Jastrzebia Gora"]
[Date "1899-12-30"]
[Round "2.51"]
[White "Mirski, Michal"]
[Black "Janaszak, Dawid"]
[Result "0-1"]
[WhiteTitle "I++"]
[BlackTitle "FM"]
[WhiteElo "1995"]
[BlackElo "2302"]

1. e4 c5 2. Nf3 Nc6 3. d4 cxd4 4. Nxd4 Nf6 5. Nc3 e5 6. Ndb5 d6 7. Bg5 a6 8. Na3
b5 9. Nd5 Be7 10. Bxf6 Bxf6 11. c3 Rb8 12. Nc2 Bg5 13. g3 a5 14. a3 O-O 15. Bg2
Ne7 16. Nce3 Bxe3 17. Nxe3 b4 18. axb4 axb4 19. O-O bxc3 20. bxc3 Qc7 21. Qd3
Rb3 22. Rfd1 Rd8 23. Rac1 Be6 24. h4 g6 25. Bf3 h5 26. Rd2 Kg7 27. Bg2 Qc5 0-1

[Event "Druzynowe Mistrzostwa Polski - II Liga 2023"]
[Site "Jastrzebia Gora"]
[Date "1899-12-30"]
[Round "2.52"]
[White "Dudzinski, Pawel"]
[Black "Pietrzak, Tomasz"]
[Result "1/2-1/2"]
[WhiteTitle "FM"]
[BlackTitle "I"]
[WhiteElo "2186"]
[BlackElo "1786"]

1. e4 c5 2. Nc3 Nc6 3. g3 g6 4. Bg2 Bg7 5. d3 d6 6. Be3 Rb8 7. Qd2 b5 8. f4 b4
9. Nd1 e6 10. Nf3 Nge7 11. d4 cxd4 12. Nxd4 O-O 13. O-O Ba6 14. Re1 Na5 15. b3
e5 16. fxe5 dxe5 17. Nf3 Qc7 18. a3 Rfd8 19. Qf2 Nec6 20. axb4 Nxb4 21. Bxa7 Rb7
22. Bc5 Nxc2 23. Qxc2 Bd3 1/2-1/2

[Event "Druzynowe Mistrzostwa Polski - II Liga 2023"]
[Site "Jastrzebia Gora"]
[Date "1899-12-30"]
[Round "2.53"]
[White "Soliwoda, Zygmunt"]
[Black "Szyszylo, Rafal"]
[Result "0-1"]
[WhiteTitle "I"]
[BlackTitle "CM"]
[WhiteElo "1752"]
[BlackElo "2074"]

1. Nf3 d6 2. d4 g6 3. g3 Bg7 4. Bg2 Nf6 5. O-O O-O 6. b3 Nc6 7. Bb2 e5 8. dxe5
Ng4 9. Qc1 dxe5 10. Rd1 Qe8 11. h3 Nh6 12. e4 f6 13. Nc3 Be6 14. Nd5 Rc8 15. c4
Kh8 16. Qc2 Nf7 17. Ba3 Rg8 18. Rd2 Ng5 0-1

[Event "Druzynowe Mistrzostwa Polski - II Liga 2023"]
[Site "Jastrzebia Gora"]
[Date "1899-12-30"]
[Round "2.54"]
[White "Kaczmarska, Joanna"]
[Black "Uliasz, Katarzyna"]
[Result "1-0"]
[WhiteTitle "k++"]
[BlackTitle "I++"]
[WhiteElo "1866"]
[BlackElo "1764"]

1. c4 Nf6 2. Nc3 e6 3. e4 d5 4. cxd5 exd5 5. e5 Nfd7 6. d4 Nb6 7. f4 c5 8. Nf3
Bg4 9. Be2 Nc6 10. Be3 c4 11. O-O Be7 12. Ng5 Bxe2 13. Qxe2 Bxg5 14. fxg5 Qd7
15. Qh5 O-O 16. Rf3 Qe6 17. Rf6 gxf6 18. gxf6 Kh8 19. Rf1 1-0

[Event "Druzynowe Mistrzostwa Polski - II Liga 2023"]
[Site "Jastrzebia Gora"]
[Date "1899-12-30"]
[Round "2.55"]
[White "Karpus, Michal"]
[Black "Luba, Lukasz"]
[Result "1/2-1/2"]
[WhiteTitle "FM"]
[BlackTitle "k"]
[WhiteElo "2246"]
[BlackElo "2054"]

1. e4 c6 2. d4 d5 3. Nc3 dxe4 4. Nxe4 Nf6 5. Nxf6+ exf6 6. Nf3 Bd6 7. Bd3 Bg4 8.
h3 Bh5 9. Qe2+ Qe7 10. Qxe7+ Kxe7 11. Nh4 Bg6 12. Nxg6+ hxg6 13. Bd2 Nd7 14. O-O-O
Rae8 15. c4 Kd8 16. Kc2 Nf8 17. Be3 Re7 18. c5 Bc7 19. d5 cxd5 20. Bc4 Ne6 21.
Bxd5 Kc8 22. b4 Kb8 23. Rhe1 Rd8 24. Bf3 Rc8 25. Kb3 f5 26. Kc4 Be5 27. Bc1 f6
28. Bd5 g5 29. g3 Rce8 30. Re2 b5+ 31. cxb6 Rc8+ 32. Kd3 Rd7 33. bxa7+ Kxa7 34.
Rxe5 Rxc1 35. Rxc1 fxe5 36. Kc4 Rc7+ 37. Kd3 Rd7 38. Kc4 Rc7+ 39. Kd3 Rd7 1/2-1/2

[Event "Druzynowe Mistrzostwa Polski - II Liga 2023"]
[Site "Jastrzebia Gora"]
[Date "1899-12-30"]
[Round "2.56"]
[White "Laszewicz, Pawel"]
[Black "Karut, Kacper"]
[Result "0-1"]
[WhiteTitle "k"]
[BlackTitle "I"]
[WhiteElo "1997"]
[BlackElo "2065"]

1. e4 c5 2. Nf3 Nc6 3. d4 cxd4 4. Nxd4 Nf6 5. Nc3 d6 6. Bg5 Bd7 7. Qd2 Rc8 8. O-O-O
Nxd4 9. Qxd4 Qa5 10. f4 h6 11. Bxf6 gxf6 12. Kb1 Qc5 13. Qd3 f5 14. exf5 Bxf5
15. Qb5+ Qxb5 16. Bxb5+ Kd8 17. Bd3 Bd7 18. Rhe1 e6 19. f5 d5 20. Nb5 Bc5 21.
c3 Re8 22. fxe6 fxe6 23. Nd4 e5 24. Nb3 e4 25. Be2 Re5 26. c4 Bb4 27. Rf1 dxc4
28. Nd4 Ke7 29. Nc2 Ba5 30. Ne3 Be6 31. Rf4 b5 32. Ng4 Bxg4 33. Bxg4 Rd8 34. Rdf1
e3 35. Rf7+ Kd6 36. Rxa7 Bb6 37. Rf6+ Kc5 38. Rh7 e2 39. Bxe2 Rxe2 40. Rf5+ Kb4
41. a3+ Ka4 0-1

[Event "Druzynowe Mistrzostwa Polski - II Liga 2023"]
[Site "Jastrzebia Gora"]
[Date "1899-12-30"]
[Round "2.57"]
[White "Pacuszka, Tomasz"]
[Black "Majocha, Piotr"]
[Result "1/2-1/2"]
[WhiteTitle "FM"]
[BlackTitle "I++"]
[WhiteElo "2156"]
[BlackElo "2004"]

1. e4 e6 2. d4 d5 3. Nc3 Bb4 4. e5 c5 5. a3 Bxc3+ 6. bxc3 Ne7 7. Qg4 Qc7 8. Qxg7
Rg8 9. Qxh7 cxd4 10. Qd3 Qxe5+ 11. Ne2 dxc3 12. Qxc3 Nbc6 13. Qxe5 Nxe5 14. Nf4
f6 15. Bb2 N7c6 16. Nh5 Kf7 17. h3 Nd7 18. O-O-O b6 19. g4 Bb7 20. f4 Rac8 21.
Rg1 Ne7 22. Bb5 Bc6 23. Bd3 Ba4 24. Rg2 Rh8 25. Re2 Rh6 26. Kd2 Nc5 27. Rde1 Nc6
28. Bc3 Nxd3 29. cxd3 d4 30. Bb2 Ne5 31. fxe5 Rc2+ 32. Kd1 Rc6+ 33. Kd2 Rc2+ 34.
Kd1 1/2-1/2

[Event "Druzynowe Mistrzostwa Polski - II Liga 2023"]
[Site "Jastrzebia Gora"]
[Date "1899-12-30"]
[Round "2.58"]
[White "Machlowski, Slawomir"]
[Black "Krainski, Aleksander"]
[Result "1/2-1/2"]
[WhiteTitle "I+"]
[BlackTitle "FM"]
[WhiteElo "1960"]
[BlackElo "2090"]

1. c4 e6 2. Nc3 d5 3. d4 a6 4. cxd5 exd5 5. Bf4 Nf6 6. e3 Bd6 7. Bg5 c6 8. Bd3
Nbd7 9. Nge2 h6 10. Bh4 O-O 11. f3 Re8 12. Bf2 b5 13. O-O b4 14. Na4 Qc7 15. Kh1
c5 16. dxc5 Nxc5 17. Nxc5 Bxc5 18. Nd4 Bd7 19. Rc1 Qb6 20. Re1 Rac8 21. Bb1 a5
22. Qd3 Bxd4 23. Rxc8 Rxc8 24. exd4 a4 25. Bh4 g6 26. Qd2 Kg7 27. Bg3 Ng8 28.
h4 h5 29. Be5+ Kf8 30. Qf4 Rc6 31. Qd2 b3 32. axb3 axb3 33. Bf4 Kg7 34. Be5+ Kf8
35. Bf4 Kg7 36. Be5+ Kf8 37. Bf4 1/2-1/2

[Event "Druzynowe Mistrzostwa Polski - II Liga 2023"]
[Site "Jastrzebia Gora"]
[Date "1899-12-30"]
[Round "2.59"]
[White "Pyrzewski, Kamil"]
[Black "Sypien, Natan"]
[Result "1-0"]
[WhiteTitle "I"]
[BlackTitle "I"]
[WhiteElo "1544"]
[BlackElo "1770"]

1. d4 d5 2. Nf3 Nf6 3. c4 e6 4. g3 dxc4 5. Bg2 a6 6. O-O Nc6 7. Nc3 Bd7 8. Ne5
Na5 9. Bd2 c6 10. e4 b5 11. f4 Be7 12. Rc1 O-O 13. Be3 Bc8 14. g4 Nd7 15. Nxd7
Qxd7 16. f5 Bb7 17. e5 f6 18. Qc2 fxe5 19. dxe5 c5 20. Rcd1 Qc7 21. Bxb7 Qxb7
22. Ne4 Qc6 23. f6 gxf6 24. exf6 Bd8 25. Rd6 Qc8 26. Ng5 Ra7 27. f7+ Rfxf7 28.
Nxf7 Rxf7 29. Rxf7 Kxf7 30. Qxh7+ Kf6 31. Rxd8 Qc6 32. Bf4 1-0

[Event "Druzynowe Mistrzostwa Polski - II Liga 2023"]
[Site "Jastrzebia Gora"]
[Date "1899-12-30"]
[Round "2.60"]
[White "Dmochowska, Agnieszka"]
[Black "Hertlein, Irena"]
[Result "1-0"]
[WhiteTitle "WFM"]
[BlackTitle "WFM"]
[WhiteElo "2040"]
[BlackElo "2050"]

1. d4 d5 2. c4 e6 3. Nc3 Nf6 4. Nf3 c5 5. cxd5 Nxd5 6. e4 Nxc3 7. bxc3 cxd4 8.
cxd4 Bb4+ 9. Bd2 Bxd2+ 10. Qxd2 O-O 11. Bd3 b6 12. O-O Bb7 13. Qe3 Nd7 14. Rad1
Re8 15. Rfe1 Rc8 16. Bb1 b5 17. h4 Qa5 18. Qf4 Qb4 19. d5 exd5 20. Qf5 Nf8 21.
exd5 Rxe1+ 22. Rxe1 Rd8 23. Be4 Re8 24. a3 Qc3 25. Re3 Qa1+ 26. Re1 Qc3 27. Re3
Qa1+ 28. Kh2 g6 29. Qg5 a5 30. Bxg6 Rxe3 31. Be4+ Kh8 32. fxe3 Ng6 33. h5 Nf8
34. Ne5 Qf1 35. Bf3 1-0

[Event "Druzynowe Mistrzostwa Polski - II Liga 2023"]
[Site "Jastrzebia Gora"]
[Date "1899-12-30"]
[Round "2.61"]
[White "Lis, Mateusz"]
[Black "Lagowski, Patryk"]
[Result "0-1"]
[WhiteTitle "k"]
[BlackTitle "IM"]
[WhiteElo "2043"]
[BlackElo "2333"]

1. e4 c5 2. Nf3 d6 3. d4 cxd4 4. Nxd4 Nf6 5. Nc3 Nc6 6. f3 e5 7. Nb3 Be6 8. Be3
Be7 9. Bd3 O-O 10. O-O Nb4 11. a3 Nxd3 12. Qxd3 Qc8 13. Rfc1 Bc4 14. Qd2 d5 15.
Nxd5 Nxd5 16. exd5 Rd8 17. Qc3 Bxd5 18. Qxc8 Raxc8 19. Kf2 b6 20. Nd2 f5 21. c4
Be6 22. Ke2 Rd7 23. Rc2 e4 24. Rac1 exf3+ 25. gxf3 Re8 26. f4 Bf7 27. Nf3 Bf6
28. Re1 Bh5 29. b4 Bh4 30. Rf1 Rde7 31. Rc3 Bf6 32. Rd3 Bd4 33. Rxd4 Rxe3+ 34.
Kd2 Bxf3 0-1

[Event "Druzynowe Mistrzostwa Polski - II Liga 2023"]
[Site "Jastrzebia Gora"]
[Date "1899-12-30"]
[Round "2.62"]
[White "Chomczyk, Marek"]
[Black "Szolc, Grzegorz"]
[Result "1-0"]
[WhiteTitle "k++"]
[BlackTitle "I++"]
[WhiteElo "2290"]
[BlackElo "2017"]

1. c4 c5 2. g3 Nc6 3. Bg2 g6 4. Nc3 Bg7 5. Nf3 e5 6. a3 Nge7 7. d3 d6 8. Rb1 a5
9. O-O O-O 10. Bg5 f6 11. Be3 Be6 12. Ne1 Rb8 13. Nc2 Qd7 14. b4 axb4 15. axb4
b6 16. Bd2 Bh3 17. b5 Bxg2 18. Kxg2 Nd4 19. e4 f5 20. Nxd4 exd4 21. Ne2 Ra8 22.
Nf4 Ra2 23. Ra1 Rfa8 24. Rxa2 Rxa2 25. Re1 Be5 26. Nd5 fxe4 27. Nxe7+ Qxe7 28.
Rxe4 Qf7 29. Qe1 Kg7 30. Bf4 Qf5 31. Qb1 Ra3 32. Bh6+ Kf7 33. g4 Qd7 34. Qd1 Bg7
35. Bg5 Kg8 36. Re7 Qc8 37. Qf3 Qf8 38. Qe4 Ra8 39. Qb7 Re8 40. Rxe8 Qxe8 41.
Qxb6 Qe2 42. Qxd6 Qxg4+ 43. Qg3 Qe6 44. Qb8+ Kf7 45. Qc7+ Kg8 46. Bf4 g5 47. Bg3
Qf5 48. b6 Qxd3 49. Qd8+ Kf7 50. Qd5+ Kg6 51. b7 1-0

[Event "Druzynowe Mistrzostwa Polski - II Liga 2023"]
[Site "Jastrzebia Gora"]
[Date "1899-12-30"]
[Round "2.63"]
[White "Grochol, Kamil"]
[Black "Budnik, Mateusz"]
[Result "1-0"]
[WhiteTitle "I++"]
[BlackTitle "k"]
[WhiteElo "2093"]
[BlackElo "1969"]

1. d4 Nf6 2. c4 g6 3. Nf3 Bg7 4. g3 d6 5. Bg2 O-O 6. Nc3 Nbd7 7. O-O e5 8. e4 c6
9. h3 Qc7 10. Re1 Re8 11. Be3 Nf8 12. Qc2 b6 13. c5 dxc5 14. dxc5 b5 15. a4 b4
16. Nb1 Ne6 17. Nbd2 Nd7 18. Nb3 a5 19. Bf1 Ba6 20. Bxa6 Rxa6 21. Qc4 Raa8 22.
Rad1 Qa7 23. Nxa5 Qxa5 24. Rxd7 Qxa4 25. Ng5 Ra7 26. Rxa7 Qxa7 27. Nxe6 Rxe6 28.
Qxb4 Re8 29. Rd1 Rb8 30. Qc3 h5 31. b4 Qa4 32. Rb1 Qb5 33. Kg2 Ra8 34. Qb3 Rd8
35. Ra1 Rb8 36. Ra7 Rb7 37. Rxb7 Qxb7 38. b5 cxb5 39. Qd5 Qc7 40. c6 Bf8 41. Qxb5
Bd6 42. Qb7 f6 43. Bc5 Qxb7 44. cxb7 Bb8 45. f4 exf4 46. gxf4 Kf7 47. f5 gxf5
48. exf5 Ke8 49. Bf2 1-0

[Event "Druzynowe Mistrzostwa Polski - II Liga 2023"]
[Site "Jastrzebia Gora"]
[Date "1899-12-30"]
[Round "2.64"]
[White "Kaminski, Jan"]
[Black "Kukula, Karol"]
[Result "1/2-1/2"]
[WhiteTitle "I++"]
[BlackTitle "I++"]
[WhiteElo "1858"]
[BlackElo "1978"]

1. e4 c5 2. Nf3 e6 3. d4 cxd4 4. Nxd4 Nf6 5. Nc3 Nc6 6. a3 Bc5 7. Nb3 Bb6 8. Bg5
O-O 9. Qd2 h6 10. Bf4 d5 11. exd5 Nxd5 12. Nxd5 exd5 13. Be2 Qf6 14. c3 Be6 15.
O-O Rfd8 16. Be3 d4 17. Nxd4 Nxd4 18. Bxd4 Bxd4 19. cxd4 Rxd4 20. Qe3 Rad8 21.
b4 b6 22. Rac1 Qg6 23. Rfe1 Bg4 24. Bf1 Qd6 25. h3 Be6 26. Be2 Qf4 27. Qxf4 Rxf4
28. Red1 Rfd4 29. Rxd4 Rxd4 30. Rd1 Rxd1+ 31. Bxd1 Kf8 32. Kf1 Bc4+ 33. Ke1 Ke7
34. Kd2 Kd6 35. Ke3 Kd5 36. h4 Bf1 37. Bb3+ Bc4 38. Bc2 Bf1 1/2-1/2

[Event "Druzynowe Mistrzostwa Polski - II Liga 2023"]
[Site "Jastrzebia Gora"]
[Date "1899-12-30"]
[Round "2.65"]
[White "Zabron, Maksym"]
[Black "Jedynak, January"]
[Result "1-0"]
[WhiteTitle "I++"]
[BlackTitle "I++"]
[WhiteElo "1993"]
[BlackElo "1846"]

1. d4 Nf6 2. c4 e6 3. Nc3 d5 4. cxd5 exd5 5. Bg5 Be7 6. e3 c6 7. Bd3 O-O 8. Qc2
Nbd7 9. Nf3 Re8 10. O-O Ne4 11. Bxe7 Qxe7 12. Nd2 Ndf6 13. Rae1 Bf5 14. Nb3 Nxc3
15. bxc3 Bxd3 16. Qxd3 Qe4 17. Qe2 Qe7 18. f3 Qa3 19. Qc2 Re7 20. Re2 Rae8 21.
Rfe1 Qd6 22. g3 Qe6 23. Kg2 Nd7 24. e4 Qg6 25. e5 Qxc2 26. Rxc2 Nb6 27. f4 Nc4
28. g4 a5 29. Kf3 a4 30. Nc5 a3 31. Nd3 f6 32. Rce2 Kf7 33. h4 h6 34. f5 g6 35.
e6+ Kg7 36. Nf4 Nd6 37. Nxg6 Rc7 38. Nf4 Ne4 39. Rxe4 dxe4+ 40. Rxe4 Kf8 41. Nh5
Ke7 42. g5 hxg5 43. hxg5 fxg5 44. f6+ Kf8 45. Kg4 Rec8 46. Kxg5 Kg8 47. Kg6 Kh8
48. e7 1-0

[Event "Druzynowe Mistrzostwa Polski - II Liga 2023"]
[Site "Jastrzebia Gora"]
[Date "1899-12-30"]
[Round "2.66"]
[White "Kopica, Paulina"]
[Black "Pisarek, Elzbieta"]
[Result "1-0"]
[WhiteTitle "k"]
[BlackTitle "I++"]
[WhiteElo "1895"]
[BlackElo "1779"]

1. e4 c5 2. Nf3 e6 3. d4 cxd4 4. Nxd4 Nf6 5. Nc3 Nc6 6. a3 Be7 7. Nxc6 bxc6 8.
e5 Nd5 9. Qg4 Bf8 10. Qg3 Nxc3 11. Qxc3 f6 12. Bf4 Be7 13. O-O-O O-O 14. Bc4 Qe8
15. Qg3 fxe5 16. Bxe5 Bf6 17. Bd6 Be7 18. Rhe1 Bxd6 19. Rxd6 Qf7 20. f3 Qf4+ 21.
Qxf4 Rxf4 22. b3 Kf8 23. Red1 Ke7 24. Be2 Rf6 25. c4 e5 26. c5 Rxd6 27. Rxd6 Bb7
28. Bd3 g6 29. Kd2 Rf8 30. Ke3 Rf6 31. Rxf6 Kxf6 32. Bc4 a5 33. Ke4 h6 34. h4
g5 35. h5 Bc8 36. g4 Bb7 37. a4 Bc8 38. b4 axb4 39. a5 Bb7 40. a6 Bc8 41. a7 Bb7
42. Ba6 Ba8 43. Kd3 b3 44. Kc3 b2 45. Kxb2 e4 46. fxe4 Ke5 47. Kc3 Kxe4 48. Bc8
Kd5 49. Kb4 d6 50. cxd6 Kxd6 51. Ka5 Kc7 52. Ba6 c5 53. Kb5 c4 54. Kxc4 Kb6 55.
Bc8 Kxa7 56. Kd4 Kb8 57. Bf5 Kc7 58. Be4 Bxe4 59. Kxe4 Kd6 60. Kf5 Kd5 61. Kg6
Ke5 62. Kxh6 Kf4 63. Kg6 Kxg4 64. h6 Kf4 65. h7 g4 66. h8=Q g3 67. Qh1 1-0

[Event "Druzynowe Mistrzostwa Polski - II Liga 2023"]
[Site "Jastrzebia Gora"]
[Date "1899-12-30"]
[Round "2.67"]
[White "Baum, Jonasz"]
[Black "Niekras, Dawid"]
[Result "1/2-1/2"]
[WhiteTitle "IM"]
[BlackTitle "FM"]
[WhiteElo "2436"]
[BlackElo "2298"]

1. d4 Nf6 2. c4 g6 3. Nc3 Bg7 4. e4 O-O 5. Nf3 d6 6. Be2 e5 7. Be3 h6 8. O-O Nbd7
9. h3 exd4 10. Nxd4 Re8 11. Qc2 Nc5 12. Bf3 Nh7 13. b4 Ng5 14. bxc5 Bxd4 15. Bxd4
Nxf3+ 16. gxf3 Qg5+ 17. Kh2 Qf4+ 18. Kg2 Bxh3+ 19. Kxh3 Qxf3+ 20. Kh2 Qf4+ 1/2-1/2